Loading...

New democracy and local government in Hungary

Bibliographic Details
Main Author: Vargheese, T
Format: Printed Book
Published: Dr.Ambedkar Institute of Legal Studies, TVPM 1999
Subjects:
LEADER 00500nam a2200157 4500
082 |a 321.4 VAR-N 
100 |a Vargheese, T 
245 |a New democracy and local government in Hungary  |c Vargheese, T 
250
260 |a Dr.Ambedkar Institute of Legal Studies, TVPM  |c 1999 
300 |a 153 p 
490
650 |a Democracy--Political science 
942 |c BK 
999 |c 126275  |d 126275 
952 |0 0  |1 0  |4 0  |6 321_400000000000000_VARN  |7 0  |9 139737  |a COM  |b COM  |l 0  |o 321.4 VAR-N  |p COM02699  |r 2019-10-24  |w 2019-10-24  |y BK